Quizzes
Events
Quiz Creation
Community
Videos
Private Events
Remove Ads
Sign In
Join for FREE
Feedback
Dark Mode
Quiz Categories
Sports
Geography
Music
Movies
Television
Just For Fun
Miscellaneous
History
Literature
Language
Science
Gaming
Entertainment
Religion
Holiday
For Kids
Quiz Lab
Recent
Popular Today
Quiz Kudos Today
Editor Picks
Curator Picks
Quizzes by...
Day
Popularity
Type
Ratings
Length
Year
Community
Subscriptions
Recent Discussions
Orange Saloon
Badges
Playlists
Quests
Create
Leaderboards
Showdown
Live 5
Trivia Bingo
Activity
Puzzle Library
Sporcle Events
Private Events
Virtual Trivia
Globe League
Become a Host
Pub Owners
SporcleCon
Opinionation
Our Games
Videos
Blog
Mobile Apps
Partnerships
Remove Ads and Go Orange
Feedback
Sports
Athletes
MLB
NBA
NHL
NFL
Soccer
Sports Teams
WWE
NCAA
Football
Premier League
Basketball
Baseball
Hockey
Golf
Tennis
Cricket
Rugby
Auto Racing
Olympics
World Cup
Sports
Athletes
MLB
NBA
NHL
NFL
Soccer
Sports Teams
WWE
NCAA
Football
Premier League
Basketball
Baseball
Hockey
Golf
Tennis
Cricket
Rugby
Auto Racing
Olympics
World Cup
Random Quiz
Search Sporcle
×
Quiz Lab
Quiz Lab
Sports
Basketball
Type in answers that appear in a list
Type in answers that appear in a list
Classic
Best Score? Go Orange.
NBA 30 Pts 10 Ast 10 Reb in one game 90-91 99-00 Stats
Can you name the NBA 30 Pts 10 Ast 10 Reb in one game 90-91 99-00?
By
Earlg33
5m
39 Questions
269 Plays
269 Plays
269 Plays
Comments
Comments
Give Quiz Kudos
Give Quiz Kudos
-
- Ratings
hide this ad
Replay
Link that replays current quiz
Next Quiz
Link to next quiz in quiz playlist
You Got
0%
They Got
Avg Score
73%
Avg Friend Score
Upgrade to see
Score Distribution
Jump to the score distribution portion of the page
Score
0/39
Timer
05:00
0
Plays Today
Team
Player
% Correct
Bulls
Michael Jordan
98.5%
Bulls
Michael Jordan
98.5%
Bulls
Scottie Pippen
94.1%
Celtics
Larry Bird
93.3%
Spurs
David Robinson
93.3%
Spurs
David Robinson
93.3%
Lakers
Magic Johnson
91.4%
Lakers
Magic Johnson
91.4%
Rockets
Hakeem Olajuwon
91.1%
Super Sonics
Gary Payton
90.7%
Trail Blazers
Clyde Drexler
89.6%
Trail Blazers
Clyde Drexler
89.6%
Jazz
Karl Malone
88.1%
Mavericks
Jason Kidd
87.7%
Mavericks
Jason Kidd
87.7%
Suns
Jason Kidd
87.7%
Magic
Anfernee Hardaway
85.9%
Bullets
Chris Webber
84.4%
Bullets
Chris Webber
84.4%
Pistons
Grant Hill
82.2%
Team
Player
% Correct
Pistons
Grant Hill
82.2%
Pistons
Grant Hill
82.2%
Raptors
Vince Carter
77.3%
Kings
Mitch Richmond
71.7%
Kings
Mitch Richmond
71.7%
Celtics
Antoine Walker
65.1%
Nets
Kenny Anderson
61.7%
Magic
Nick Anderson
61.7%
Nets
Derrick Coleman
61%
Nets
Derrick Coleman
61%
Mavericks
Michael Finley
56.1%
Mavericks
Michael Finley
56.1%
Raptors
Damon Stoudamire
54.3%
Cavaliers
Brad Daugherty
52%
Warriors
Latrell Sprewell
41.6%
Pacers
Detlef Schrempf
33.8%
Nuggets
Michael Adams
32.3%
Hornets
Anthony Mason
22.3%
Suns
Jeff Hornacek
21.6%
Quiz Playlist
Details
Report
Send in Message
Add To Playlist
Classic:
Type in answers that appear in a list
Quiz Source
Last Updated: Feb 16, 2017
Quiz Scoreboard
CHALLENGE
Sign Up to Join the Scoreboard
Show All
Scores
Hide
Comments
May contain spoilers
Recently Published
Movies - When Are They Set?
by FPL_Elf
Movies
5m
Popular People in 1961
by mucciniale
History
6m
1-10 Letter E Words III
by El_Dandy
Language
2m
More to Explore
Quiz From the Vault
Featured Blog Post
Where Did the Easter Bunny Come From?
hide this ad
You Might Also Like...
Tags
Basketball Quiz
Board Games Quiz
NBA Quiz
1990s
99-00
assist
ast
Player
point
pts
reb
rebounds
team
Today's Top Quizzes in Sports
Browse Sports
hide this ad
Today's Top Quizzes in Basketball
Browse Basketball
Top Contributed Quizzes in Sports
1
Les meilleurs buteurs des matchs entre le PSG et l’OM
2
Les entraîneurs de l'OM et du PSG au 21e siècle
3
FIFA Club World Cup Champions
4
2022 World Cup Stars
5
Name the Premier League winners with different clubs
6
La finale Lions - Afrique du Sud 2021
7
Criteria MLB: Left Handed Sluggers
8
Players with Multiple 50 Home Run Seasons
9
MLB Players with Two .350 Batting Average Seasons
10
MLB Hall of Famer by Rings
Explore More
Trending Topics
Anime
NBA
Marvel
Kpop
Harry Potter
Disney
Crossword
Song
The Office
Country
Puzzle
NFL
Soccer
Pokémon
WWE
hide this ad
More By:
Earlg33
Quiz
Plays
Rating
Category
Featured
Created
NBA 30 Pt/10 Rb/10 Ast Games (2000-2011)
15,672
4.22
Sports
Mar 30, 2011
NBA Top 50 Career Rebounds MINES
6,629
2.71
Sports
Jun 19, 2011
NBA Top 50 Career Assists MINES
6,449
2.69
Sports
Jun 19, 2011
NBA Top 40 In PPG As Of 1/9/11
4,426
4.24
Sports
Jan 9, 2011
NBA 20 Pts 20 Reb 5 Ast in one Game 00-01 to 10-11
3,072
4.53
Sports
Apr 3, 2011
Go to Creator's Profile
Score Distribution
Quiz Creator Spotlight
Earlg33
Follow
Send a Message
Quizzes Created
-
Created Quiz Play Count
-
More By This Creator
Popular Quizzes Today
1
Find the US States - No Outlines Minefield
2
Find the Countries of Europe - No Outlines Minefield
3
The Countries of the World
4
Popular People in 1961
5
1-10 Letter E Words III
6
US States
7
Find the US States
8
One Thing in Common: World Cities II
More Sports Quizzes
Longest Answer: MLB Teams
Published
Trending Quizzes
Risky Map Clicking: Least Populous States A-Z
1-10 Letter F Words
1-10 Letter G Words
One Thing in Common: United Kingdom
Risky Map Clicking: Next State Alphabetically
Recently Updated
Leaping Animals
pecheneg
Reality TV Shows (A-Z)
bhenderson79
Rickey Henderson's Hall of Fame Teammates
pecheneg
Champions League XIs: Arsenal
pecheneg
Quick Pick: Celebrities in WWE's Hall of Fame
aduchscher
A-Z Keypad Blitz II
pecheneg
Multiple Oscar Actors
pecheneg
Mystery Phrase Blitz: Oscar 'Best Actors'
pecheneg
F. Scott Fitzgerald Novels
LTH
Pick 3 Villains
ddd62291
Trending Topics
Kpop
NBA
Disney
Marvel
Anime
Crossword
Harry Potter
The Office
Country
WWE
Puzzle
Song
Soccer
NFL
Pokémon
Your Account Isn't Verified!
In order to create a playlist on Sporcle, you need to verify the email address you used during registration. Go to your
Sporcle Settings
to finish the process.
Report this User
Report this user for behavior that violates our
Community Guidelines
.
Details:
Send Report
Go to the Sporcle.com Mobile Site →
Comments